Estadísticas para Ciudades con el mayor número de rascacielos

Haz click aquí para intentar la prueba.

Estadísticas generales

  • Esta prueba ha sido intentada 2.587 veces
    (1.225 desde el último reinicio)
  • La puntuación promedio es 12 de 29

Estadísticas de respuestas

#ContinenteCiudad% Correcto
316AméricaCiudad de Nueva York
95%
65AsiaPekín
87%
173AsiaTokio
87%
184AsiaShanghái
70%
137AméricaChicago
69%
263AsiaDubái
69%
554AsiaHong Kong
65%
82AsiaSeúl
63%
97AsiaSingapur
61%
173AsiaKuala Lumpur
51%
115AsiaBangkok
50%
61AméricaMiami
48%
76OceaníaMelbourne
47%
114AsiaYakarta
43%
191AsiaCantón
39%
90AméricaToronto
38%
168AsiaWuhan
38%
99AsiaMumbai
32%
67AméricaCiudad de
Panamá
26%
405AsiaShenzhen
21%
76AsiaTianjin
18%
127AsiaChengdú
17%
145AsiaChongqing
17%
77AsiaBusan
16%
73AsiaNankín
13%
85AsiaHangzhou
11%
65AsiaChangsha
8%
98AsiaShenyang
7%
82AsiaNanning
6%

Distribución de puntuación

Porcentaje por número respondido

Porcentaje de gente con cada puntuación

Historial de tus puntuaciones

No has intentado esta prueba desde el último reinicio